| 000 | 00700 a2200193 4500 | ||
|---|---|---|---|
| 010 | _aENG-85662 | ||
| 020 | _c140.00 | ||
| 035 | _aEN-69195 | ||
| 037 | _bD.B.Act / Pub | ||
| 082 | 1 | 4 | _a332.6 |
| 090 |
_c3362 _d3362 |
||
| 100 | 1 | _aPreeti Singh | |
| 245 | 1 |
_aPortfolio management _bfor sixth semester, BBM Banglore Universty _cby Preeti Singh |
|
| 260 |
_aMumbai _bHimalaya Publishing House _c2007 |
||
| 270 |
_a"Ramdoot", Dr. Bhalerao Marg, Girgaon _bMumbai _e400 004 _k022-23860170, 022-23863863 _l022-23877178 _mhimpub@vsnl.net.in |
||
| 300 |
_a376 p. _c25 cm ( Pbk.) |
||
| 942 |
_adpl _cEN _k332.6 / PRE |
||
| 999 |
_c3295 _d3295 |
||